[Event "2. Bundesliga Ost 2016/2017"]
[Site "alle Wien"]
[Date "2016.10.16"]
[Round "2"]
[Board "4"]
[White "Morgunov, Daniel"]
[Black "Janetschek, Karl"]
[Result "0-1"]
[WhiteElo "2092"]
[BlackElo "2184"]
[PlyCount "74"]
[EventDate "2016.10.15"]
[EventType "team"]
[EventRounds "11"]
[EventCountry "AUT"]
[WhiteTeam "tschaturanga"]
[BlackTeam "SK Hietzing"]

1. e4 c5 2. Nc3 Nc6 3. Bb5 Nd4 4. Bc4 e6 5. Nf3 a6 6. Nxd4 cxd4 7. Ne2 b5 8.
Bd3 Qb6 9. f4 Bb7 10. Ng3 Nf6 11. Qe2 h5 12. O-O h4 13. Nh1 Nxe4 14. a4 Nc5 15.
axb5 axb5 16. Rxa8+ Bxa8 17. h3 Nxd3 18. Qxd3 f5 19. Kh2 Be4 20. Qe2 Bxc2 21.
Nf2 Bd6 22. Nd3 Bxd3 23. Qxd3 g5 24. b3 Bxf4+ 25. Kh1 O-O 26. Ba3 Rc8 27. Bb2
Be5 28. Qe2 Bf6 29. Rb1 d3 30. Qxd3 Bxb2 31. Qxd7 Rc7 32. Qd8+ Kf7 33. Qxg5 Bf6
34. Qh5+ Kg7 35. Qf3 Qd4 36. Qe2 Qe5 37. Qd3 Qg3 0-1

[Event "2. Bundesliga Ost 2016/2017"]
[Site "alle Wien"]
[Date "2016.10.16"]
[Round "2"]
[Board "5"]
[White "Wagner, Stefan"]
[Black "Leitner, Gerald"]
[Result "0-1"]
[WhiteElo "2152"]
[BlackElo "2160"]
[PlyCount "158"]
[EventDate "2016.10.15"]
[EventType "team"]
[EventRounds "11"]
[EventCountry "AUT"]
[WhiteTeam "SK Hietzing"]
[BlackTeam "tschaturanga"]

1. c4 c6 2. g3 d5 3. Bg2 Nf6 4. cxd5 cxd5 5. Nf3 Nc6 6. d4 Bf5 7. Qb3 Na5 8.
Qb5+ Bd7 9. Qd3 e6 10. Nc3 Be7 11. O-O O-O 12. Bf4 a6 13. Rfc1 Rc8 14. Ne5 b5
15. b3 Ba3 16. Rc2 Nc6 17. Nxc6 Bxc6 18. Bc1 Be7 19. Bb2 b4 20. Na4 Bb5 21. Qd1
Bxa4 22. bxa4 Qd7 23. Rcc1 Ne4 24. Qd3 Qxa4 25. Bxe4 dxe4 26. Qxe4 Rxc1+ 27.
Bxc1 Bf6 28. e3 g6 29. Qb7 a5 30. Kg2 Rd8 31. Qc7 Rd7 32. Qc4 Kg7 33. Bb2 Rd6
34. Rc1 Qd7 35. Kg1 Rb6 36. Rc2 h5 37. e4 Qb7 38. d5 Bxb2 39. Rxb2 exd5 40.
exd5 Rd6 41. Rd2 Qe7 42. Qd4+ Qf6 43. Qc5 Qe5 44. Rd4 g5 45. Kg2 Rf6 46. Rd1
Qe4+ 47. Kg1 h4 48. Qd4 Qf3 49. Rd3 Qe2 50. Qe3 Qxe3 51. fxe3 Rd6 52. gxh4 gxh4
53. e4 Kf6 54. a3 Ke5 55. axb4 axb4 56. Rb3 Rb6 57. Kf2 Kxe4 58. d6 Rxd6 59.
Rxb4+ Rd4 60. Rb2 Kf4 61. Kg2 Kg4 62. Rf2 h3+ 63. Kf1 f5 64. Ra2 f4 65. Rb2
Rd1+ 66. Kf2 Rh1 67. Rb8 Rxh2+ 68. Kg1 Rg2+ 69. Kh1 Ra2 70. Rg8+ Kf3 71. Rh8
Kg3 72. Rg8+ Kf2 73. Kh2 Ra3 74. Rf8 f3 75. Kxh3 Re3 76. Kh2 Kf1 77. Rf7 f2 78.
Rf6 Ke1 79. Kg2 Re2 0-1

[Event "2. Bundesliga Ost 2016/2017"]
[Site "alle Wien"]
[Date "2016.10.16"]
[Round "2"]
[Board "6"]
[White "Morgunov, Marc"]
[Black "Stadler, Peter"]
[Result "1/2-1/2"]
[WhiteElo "1969"]
[BlackElo "2082"]
[PlyCount "107"]
[EventDate "2016.10.15"]
[EventType "team"]
[EventRounds "11"]
[EventCountry "AUT"]
[WhiteTeam "tschaturanga"]
[BlackTeam "SK Hietzing"]

1. e4 c5 2. Nc3 Nc6 3. Bb5 Nd4 4. Bc4 e6 5. Nf3 a6 6. Nxd4 cxd4 7. Ne2 b5 8.
Bd3 Qb6 9. f4 d6 10. O-O Be7 11. Ng3 Nf6 12. b3 e5 13. Ba3 Ra7 14. f5 h5 15.
Rf3 h4 16. Nh1 d5 17. Bxe7 Rxe7 18. Nf2 Bb7 19. Qe1 Qc6 20. exd5 Qxd5 21. Bf1
e4 22. Rf4 Qe5 23. Nh3 e3 24. dxe3 dxe3 25. Be2 Nd5 26. Rg4 Nf6 27. Rxg7 Qxf5
28. Qc3 Qe5 29. Qxe5 Rxe5 30. c4 Kf8 31. Rg5 Rxg5 32. Nxg5 Rg8 33. Bf3 Bxf3 34.
Nxf3 bxc4 35. bxc4 h3 36. g3 Ke7 37. Rc1 Ng4 38. Kf1 Rb8 39. Rc2 Rb1+ 40. Ke2
f6 41. c5 Kd7 42. c6+ Kc7 43. Kd3 Rf1 44. Nd4 Rf2 45. Ne6+ Kc8 46. Rxf2 exf2
47. Ke2 Nxh2 48. Kxf2 Ng4+ 49. Kg1 Kb8 50. a4 a5 51. c7+ Kc8 52. Kh1 Kd7 53.
Kg1 Kc8 54. Kh1 1/2-1/2

[Event "2. Bundesliga Ost 2016/2017"]
[Site "alle Wien"]
[Date "2016.10.16"]
[Round "2"]
[Board "1"]
[White "Stanec, Nikolaus"]
[Black "Juhasz, Armin"]
[Result "1-0"]
[WhiteElo "2444"]
[BlackElo "2388"]
[PlyCount "75"]
[EventDate "2016.10.15"]
[EventType "team"]
[EventRounds "11"]
[EventCountry "AUT"]
[WhiteTeam "SC Donaustadt"]
[BlackTeam "SK Sparkasse Bad Voeslau"]

1. c4 Nf6 2. Nf3 e6 3. g3 b6 4. Bg2 Bb7 5. d4 Be7 6. O-O O-O 7. Nc3 Ne4 8. Qc2
Nxc3 9. Qxc3 Bf6 10. Qc2 Nc6 11. Rd1 d5 12. Bf4 Qe7 13. cxd5 exd5 14. Rac1 Rfe8
15. Rd2 Rac8 16. Bh3 Rb8 17. Qa4 g5 18. Be3 Na5 19. b3 h5 20. Bf5 g4 21. Ne5 c5
22. Bf4 Rbd8 23. e3 Bc8 24. Bxc8 Rxc8 25. Rdc2 Bxe5 26. Bxe5 c4 27. Qb5 Qe6 28.
e4 dxe4 29. Bf4 f5 30. d5 Qf7 31. b4 Nb7 32. Rxc4 Rxc4 33. Rxc4 Re7 34. Rc8+
Kg7 35. d6 Rd7 36. Qxd7 Qxd7 37. Rc7 Qxc7 38. dxc7 1-0

[Event "2. Bundesliga Ost 2016/2017"]
[Site "alle Wien"]
[Date "2016.10.16"]
[Round "2"]
[Board "2"]
[White "Juhasz, Kristof"]
[Black "Kummer, Helmut"]
[Result "0-1"]
[WhiteElo "2401"]
[BlackElo "2299"]
[PlyCount "70"]
[EventDate "2016.10.15"]
[EventType "team"]
[EventRounds "11"]
[EventCountry "AUT"]
[WhiteTeam "SK Sparkasse Bad Voeslau"]
[BlackTeam "SC Donaustadt"]

1. Nf3 d5 2. d4 e6 3. c4 c6 4. Nc3 dxc4 5. e3 b5 6. a4 Bb4 7. Bd2 a5 8. axb5
Bxc3 9. Bxc3 cxb5 10. b3 Bb7 11. bxc4 b4 12. Bb2 Nf6 13. Bd3 Nbd7 14. O-O O-O
15. Nd2 Re8 16. Bc2 Qc7 17. f3 e5 18. Re1 exd4 19. exd4 Rxe1+ 20. Qxe1 Nb6 21.
c5 Nbd7 22. Ba4 Bd5 23. Qf1 h6 24. Qd3 Rd8 25. Nb3 Nb8 26. Bb5 Nc6 27. Bxc6
Qxc6 28. Rxa5 Re8 29. Ra1 Nh5 30. Na5 Qc7 31. Qd2 Nf4 32. Qxb4 Re2 33. g3 Rg2+
34. Kf1 Rf2+ 35. Kg1 Nh3+ 0-1

[Event "2. Bundesliga Ost 2016/2017"]
[Site "alle Wien"]
[Date "2016.10.16"]
[Round "2"]
[Board "3"]
[White "Pingitzer, Harald"]
[Black "Plachetka, Jan"]
[Result "1/2-1/2"]
[WhiteElo "2314"]
[BlackElo "2354"]
[PlyCount "143"]
[EventDate "2016.10.15"]
[EventType "team"]
[EventRounds "11"]
[EventCountry "AUT"]
[WhiteTeam "SC Donaustadt"]
[BlackTeam "SK Sparkasse Bad Voeslau"]

1. d4 Nf6 2. Nf3 g6 3. g3 Bg7 4. Bg2 d5 5. c4 dxc4 6. Na3 c5 7. O-O Nc6 8. dxc5
Qa5 9. Nd4 Bd7 10. Nxc6 Bxc6 11. Bxc6+ bxc6 12. Nxc4 Qxc5 13. Qc2 Nd5 14. Bd2
Nb6 15. Rac1 Qxc4 16. Qxc4 Nxc4 17. Rxc4 Bxb2 18. Rb1 Be5 19. Rxc6 Kd7 20. Rc5
Bd6 21. Rb7+ Ke6 22. Ra5 a6 23. Bf4 Bxf4 24. gxf4 Kd6 25. Rb6+ Kc7 26. Rbxa6
Rxa6 27. Rxa6 Rb8 28. Kg2 Rb2 29. Kf3 h5 30. Ra3 Kd6 31. Ra6+ Kd7 32. h3 Rc2
33. Ra3 Kd6 34. Ke3 Rb2 35. Ra8 Ke6 36. Kf3 Rc2 37. a3 Rc3+ 38. e3 Rc2 39. a4
Ra2 40. a5 Kd6 41. a6 Ke6 42. Kg3 Ra3 43. Kg2 Ra2 44. Kf3 Kd6 45. h4 Ke6 46.
Kg2 Ra3 47. Kg3 Kf6 48. Kf3 Kf5 49. a7 Ke6 50. Ke4 Ra4+ 51. Kd3 Kf6 52. e4 Ke6
53. f3 Kf6 54. Kc3 Ra3+ 55. Kb4 Ra1 56. Kc5 Ra2 57. Kc6 e6 58. Kd7 Kg7 59. Ke7
Ra3 60. Kd6 Kf6 61. Kc6 Ra1 62. Kb6 Rb1+ 63. Kc5 Rc1+ 64. Kd4 Rd1+ 65. Ke3 Re1+
66. Kf2 Ra1 67. Kg2 Ra2+ 68. Kg3 Ra1 69. f5 gxf5 70. exf5 Kxf5 71. Rh8 Rxa7 72.
Rxh5+ 1/2-1/2

[Event "2. Bundesliga Ost 2016/2017"]
[Site "alle Wien"]
[Date "2016.10.16"]
[Round "2"]
[Board "4"]
[White "Brehovsky, Paul"]
[Black "Schwab, Lukas"]
[Result "1/2-1/2"]
[WhiteElo "2127"]
[BlackElo "2087"]
[PlyCount "99"]
[EventDate "2016.10.15"]
[EventType "team"]
[EventRounds "11"]
[EventCountry "AUT"]
[WhiteTeam "SK Sparkasse Bad Voeslau"]
[BlackTeam "SC Donaustadt"]

1. d4 d5 2. c4 e6 3. Nc3 Be7 4. Nf3 Nf6 5. Bg5 h6 6. Bh4 O-O 7. e3 b6 8. cxd5
Nxd5 9. Bxe7 Qxe7 10. Bd3 Bb7 11. O-O Nd7 12. Rc1 c5 13. Nxd5 exd5 14. b3 Rac8
15. Qe2 Rfe8 16. Rfd1 Nf6 17. Bf5 Rc7 18. Qb2 Ne4 19. dxc5 bxc5 20. Qa3 Ng5 21.
Bg4 Qe4 22. h3 d4 23. exd4 f5 24. Bh5 g6 25. Re1 Nxf3+ 26. Bxf3 Qxe1+ 27. Rxe1
Rxe1+ 28. Kh2 Bxf3 29. Qa5 Rce7 30. gxf3 cxd4 31. Qd5+ Kh7 32. Qxd4 R1e2 33. a4
Ra2 34. Kg2 Rg7 35. Qd5 Ra3 36. Kf1 Ra1+ 37. Kg2 Re7 38. Qd4 Rc1 39. Qd2 Rcc7
40. Qd4 Red7 41. Qf4 Rc5 42. b4 Rcd5 43. Qc4 Rd4 44. Qc5 Rf4 45. a5 Rfd4 46. b5
Rd1 47. f4 R1d5 48. Qc6 R5d6 49. Qc5 Re6 50. Qc8 1/2-1/2

[Event "2. Bundesliga Ost 2016/2017"]
[Site "alle Wien"]
[Date "2016.10.16"]
[Round "2"]
[Board "5"]
[White "Froewis, Annika"]
[Black "Lampl, Gerald"]
[Result "0-1"]
[WhiteElo "2101"]
[BlackElo "2082"]
[PlyCount "72"]
[EventDate "2016.10.15"]
[EventType "team"]
[EventRounds "11"]
[EventCountry "AUT"]
[WhiteTeam "SC Donaustadt"]
[BlackTeam "SK Sparkasse Bad Voeslau"]

1. e4 c6 2. d4 d5 3. Nc3 dxe4 4. Nxe4 Nd7 5. Bd3 Ndf6 6. c3 g6 7. Ng5 Bg7 8.
N1f3 Nh6 9. O-O O-O 10. Re1 Nf5 11. Ne5 Nd5 12. Ngf3 f6 13. Nc4 b5 14. Ncd2 b4
15. Ne4 Nd6 16. c4 Nxe4 17. cxd5 cxd5 18. Bxe4 dxe4 19. Rxe4 Bb7 20. Rh4 g5 21.
Rh5 Qe8 22. Ne1 Rd8 23. Rh3 e5 24. Qb3+ Qf7 25. Qc2 Qg6 26. Qb3+ Qf7 27. Qc2 e4
28. Be3 h6 29. f4 exf3 30. gxf3 Qe6 31. Rg3 Qxe3+ 32. Kh1 Rxd4 33. Qb3+ Qxb3
34. axb3 Re8 35. Nc2 Rd2 36. Nxb4 a5 0-1

[Event "2. Bundesliga Ost 2016/2017"]
[Site "alle Wien"]
[Date "2016.10.16"]
[Round "2"]
[Board "6"]
[White "Dittel, Herbert"]
[Black "Demircan, Suekrue"]
[Result "1-0"]
[WhiteElo "2068"]
[BlackElo "2095"]
[PlyCount "81"]
[EventDate "2016.10.15"]
[EventType "team"]
[EventRounds "11"]
[EventCountry "AUT"]
[WhiteTeam "SK Sparkasse Bad Voeslau"]
[BlackTeam "SC Donaustadt"]

1. d4 Nf6 2. Nf3 g6 3. c4 Bg7 4. Nc3 d5 5. cxd5 Nxd5 6. e4 Nxc3 7. bxc3 c5 8.
Be3 Nc6 9. d5 Bxc3+ 10. Bd2 Bxd2+ 11. Qxd2 Nd4 12. Nxd4 cxd4 13. Qxd4 Qa5+ 14.
Qd2 Qxd2+ 15. Kxd2 Bd7 16. Be2 O-O 17. Rab1 Rfd8 18. Rxb7 e6 19. Rc1 exd5 20.
Rcc7 Be6 21. e5 a5 22. a4 Rdb8 23. Bb5 Rxb7 24. Rxb7 d4 25. Rc7 Rd8 26. Ra7 Rd5
27. f4 g5 28. g3 gxf4 29. gxf4 Rc5 30. Rxa5 Kg7 31. Ra8 Bf5 32. Bd3 Be6 33. f5
Bd5 34. f6+ Kh6 35. Rh8 Kg5 36. Rxh7 Be6 37. h4+ Kg4 38. h5 Rxe5 39. h6 Bf5 40.
Rxf7 Re3 41. Rg7+ 1-0

[Event "2. Bundesliga Ost 2016/2017"]
[Site "alle Wien"]
[Date "2016.10.16"]
[Round "2"]
[Board "1"]
[White "Lizak, Peter"]
[Black "Juenger, Heinz"]
[Result "1-0"]
[WhiteElo "2445"]
[BlackElo "2110"]
[PlyCount "57"]
[EventDate "2016.10.15"]
[EventType "team"]
[EventRounds "11"]
[EventCountry "AUT"]
[WhiteTeam "SC Data Technology Pressbaum/E."]
[BlackTeam "SK Advisory Invest Baden"]

1. d4 Nf6 2. Nc3 d5 3. Bf4 e6 4. Nb5 Na6 5. e3 c6 6. Nc3 Bd6 7. Bxa6 bxa6 8.
Nge2 c5 9. Na4 Bxf4 10. Nxf4 Ne4 11. Nxc5 Nxc5 12. dxc5 Qa5+ 13. c3 Qxc5 14.
Qd4 Qxd4 15. cxd4 Bd7 16. Nd3 Ke7 17. Kd2 f6 18. Rhc1 Kd6 19. Rc5 Rab8 20. Rac1
Rb7 21. b3 Rhb8 22. h4 Rb6 23. f3 Bc6 24. Nf4 R8b7 25. Nxe6 Kxe6 26. Rxc6+ Kd7
27. Rc8 Re6 28. R1c5 Rd6 29. g4 1-0

[Event "2. Bundesliga Ost 2016/2017"]
[Site "alle Wien"]
[Date "2016.10.16"]
[Round "2"]
[Board "2"]
[White "Zojer, Stefan"]
[Black "Videki, Sandor"]
[Result "0-1"]
[WhiteElo "2095"]
[BlackElo "2421"]
[PlyCount "56"]
[EventDate "2016.10.15"]
[EventType "team"]
[EventRounds "11"]
[EventCountry "AUT"]
[WhiteTeam "SK Advisory Invest Baden"]
[BlackTeam "SC Data Technology Pressbaum/E."]

1. e4 c5 2. Nc3 Nc6 3. f4 g6 4. Nf3 Bg7 5. Bb5 Nd4 6. O-O a6 7. Bc4 b5 8. Bd5
Rb8 9. e5 d6 10. Nxd4 cxd4 11. Ne4 dxe5 12. Bb3 e6 13. d3 Bb7 14. Qe1 Bxe4 15.
Qxe4 Qc7 16. fxe5 Bxe5 17. Bf4 Bxf4 18. Rxf4 Ne7 19. Raf1 Nf5 20. Bxe6 fxe6 21.
Qxe6+ Qe7 22. Qc6+ Kd8 23. g4 Qd6 24. Qf3 Ne3 25. Rf2 Re8 26. c3 dxc3 27. bxc3
Rc8 28. Rd4 Qxd4 0-1

[Event "2. Bundesliga Ost 2016/2017"]
[Site "alle Wien"]
[Date "2016.10.16"]
[Round "2"]
[Board "3"]
[White "Weissenbeck, Manuel"]
[Black "Dzierzenga, Stefan"]
[Result "1-0"]
[WhiteElo "2229"]
[BlackElo "2221"]
[PlyCount "49"]
[EventDate "2016.10.15"]
[EventType "team"]
[EventRounds "11"]
[EventCountry "AUT"]
[WhiteTeam "SC Data Technology Pressbaum/E."]
[BlackTeam "SK Advisory Invest Baden"]

1. d4 Nf6 2. Nf3 d5 3. c4 e6 4. Nc3 Be7 5. Bg5 h6 6. Bh4 O-O 7. e3 Nbd7 8. Rc1
c5 9. Bd3 dxc4 10. Bxc4 b6 11. O-O Bb7 12. Qe2 Ne4 13. Nxe4 Bxh4 14. Nd6 Bxf3
15. Qxf3 cxd4 16. exd4 Nf6 17. Qc6 Qd7 18. Qxd7 Nxd7 19. Bb5 Be7 20. Nxf7 Kxf7
21. Bxd7 Rfd8 22. Rc7 Bd6 23. Rb7 Kf6 24. Re1 e5 25. f4 1-0

[Event "2. Bundesliga Ost 2016/2017"]
[Site "alle Wien"]
[Date "2016.10.16"]
[Round "2"]
[Board "4"]
[White "Ly, Dominik"]
[Black "Neumeier, Klaus"]
[Result "0-1"]
[WhiteElo "2121"]
[BlackElo "2286"]
[PlyCount "62"]
[EventDate "2016.10.15"]
[EventType "team"]
[EventRounds "11"]
[EventCountry "AUT"]
[WhiteTeam "SK Advisory Invest Baden"]
[BlackTeam "SC Data Technology Pressbaum/E."]

1. e4 e5 2. Nf3 Nc6 3. Bc4 Nf6 4. d3 Be7 5. c3 O-O 6. Nbd2 a6 7. b4 d5 8. Bb3
d4 9. a3 dxc3 10. Nb1 Bg4 11. Nxc3 Nd4 12. Be3 c6 13. Bxd4 exd4 14. Ne2 a5 15.
O-O axb4 16. axb4 Bxb4 17. Rxa8 Qxa8 18. Nfxd4 Bc5 19. Nf3 Bxf3 20. gxf3 Rd8
21. Qc2 Qa7 22. Ng3 g6 23. Kg2 Bd4 24. Rc1 Rd7 25. h3 Qb8 26. Qd2 Be5 27. Rd1
Qd6 28. Qg5 Bf4 29. Qh4 h5 30. e5 Qxe5 31. Re1 Bxg3 0-1

[Event "2. Bundesliga Ost 2016/2017"]
[Site "alle Wien"]
[Date "2016.10.16"]
[Round "2"]
[Board "5"]
[White "Hechl, Gerald"]
[Black "Trippold, Denise"]
[Result "1-0"]
[WhiteElo "2251"]
[BlackElo "2088"]
[PlyCount "65"]
[EventDate "2016.10.15"]
[EventType "team"]
[EventRounds "11"]
[EventCountry "AUT"]
[WhiteTeam "SC Data Technology Pressbaum/E."]
[BlackTeam "SK Advisory Invest Baden"]

1. d4 Nf6 2. Bg5 e6 3. e4 h6 4. Bxf6 Qxf6 5. c3 d6 6. Bd3 e5 7. Ne2 g6 8. O-O
Bg7 9. f4 Qe7 10. Nd2 O-O 11. dxe5 dxe5 12. f5 Nd7 13. Ng3 Kh7 14. Qe2 Nc5 15.
Bc4 Bd7 16. Rf2 Bf6 17. Raf1 a6 18. b4 Na4 19. Rf3 c5 20. a3 Bc6 21. Qf2 Kg7
22. Bd5 Rac8 23. Nc4 cxb4 24. Ne3 g5 25. Bxc6 bxc6 26. Ng4 Kh7 27. axb4 Qd6 28.
Nh5 Bd8 29. Qc2 Nb6 30. Rd1 Qc7 31. Rh3 f6 32. Nxh6 Kxh6 33. Nf4+ 1-0

[Event "2. Bundesliga Ost 2016/2017"]
[Site "alle Wien"]
[Date "2016.10.16"]
[Round "2"]
[Board "6"]
[White "Hofegger, Jakob"]
[Black "Schmidrathner, Christian"]
[Result "1-0"]
[WhiteElo "2072"]
[BlackElo "2084"]
[PlyCount "57"]
[EventDate "2016.10.15"]
[EventType "team"]
[EventRounds "11"]
[EventCountry "AUT"]
[WhiteTeam "SK Advisory Invest Baden"]
[BlackTeam "SC Data Technology Pressbaum/E."]

1. Nf3 Nf6 2. g3 g6 3. Bg2 Bg7 4. O-O O-O 5. Re1 d6 6. e4 c5 7. c3 Nc6 8. h3
Ne5 9. d4 cxd4 10. cxd4 Nxf3+ 11. Qxf3 Qb6 12. Rd1 Bd7 13. Nc3 Rfc8 14. e5 dxe5
15. Qxb7 exd4 16. Qxb6 axb6 17. Bxa8 dxc3 18. Bb7 cxb2 19. Bxb2 Rc2 20. Bxf6
Bxf6 21. Rac1 Rxc1 22. Rxc1 Bxh3 23. Bc8 e6 24. Rc4 Bf5 25. Bb7 Be7 26. a4 Kg7
27. Rc7 Bd6 28. Rc6 Bc5 29. a5 1-0

[Event "2. Bundesliga Ost 2016/2017"]
[Site "alle Wien"]
[Date "2016.10.16"]
[Round "2"]
[Board "1"]
[White "Szabo, Krisztian"]
[Black "Pacher, Milan"]
[Result "1/2-1/2"]
[WhiteElo "2510"]
[BlackElo "2493"]
[PlyCount "64"]
[EventDate "2016.10.15"]
[EventType "team"]
[EventRounds "11"]
[EventCountry "AUT"]
[WhiteTeam "ASVOE Mattersburg"]
[BlackTeam "SK Austria"]

1. e4 e5 2. Nf3 Nc6 3. Bb5 Nf6 4. O-O Nxe4 5. Re1 Nd6 6. Nxe5 Be7 7. Bf1 Nxe5
8. Rxe5 O-O 9. d4 Ne8 10. Re1 d5 11. Bf4 Bd6 12. Be5 c6 13. c3 Bf5 14. Bd3 Bxd3
15. Qxd3 f6 16. Bxd6 Nxd6 17. Nd2 Re8 18. Nf1 Rxe1 19. Rxe1 Qd7 20. f3 Re8 21.
Rxe8+ Qxe8 22. Qe3 Qxe3+ 23. Nxe3 Kf7 24. Kf2 Ke6 25. Ke2 Nf5 26. g4 Nxe3 27.
Kxe3 g5 28. f4 Kd6 29. b4 b5 30. Kf3 a6 31. Kg3 Ke6 32. h4 h6 1/2-1/2

[Event "2. Bundesliga Ost 2016/2017"]
[Site "alle Wien"]
[Date "2016.10.16"]
[Round "2"]
[Board "2"]
[White "Hangweyrer, Manfred"]
[Black "Petran, Peter"]
[Result "1/2-1/2"]
[WhiteElo "2384"]
[BlackElo "2306"]
[PlyCount "104"]
[EventDate "2016.10.15"]
[EventType "team"]
[EventRounds "11"]
[EventCountry "AUT"]
[WhiteTeam "SK Austria"]
[BlackTeam "ASVOE Mattersburg"]

1. d4 f5 2. e4 fxe4 3. Nc3 Nf6 4. f3 exf3 5. Nxf3 g6 6. Bf4 d5 7. Qd2 Bf5 8.
O-O-O c6 9. Bd3 Ne4 10. Bxe4 dxe4 11. Ng5 Nd7 12. h3 Nf6 13. Rhe1 Qa5 14. Kb1
Bg7 15. g4 h6 16. gxf5 hxg5 17. Be5 O-O-O 18. Qxg5 Rxh3 19. fxg6 Rh5 20. Qg3
Rdh8 21. Bxf6 Bxf6 22. Nxe4 Qf5 23. Qb3 Qxg6 24. Nc5 b6 25. Qe3 Kb8 26. Nd7+
Kc7 27. Nxf6 Qxf6 28. Qxe7+ Qxe7 29. Rxe7+ Kb8 30. b3 Rh1 31. Rxh1 Rxh1+ 32.
Kb2 Rh2 33. a4 a5 34. Kc3 Rg2 35. Kd3 Rh2 36. c3 Rh1 37. Kc4 Rb1 38. Re5 Kc7
39. d5 cxd5+ 40. Rxd5 Rb2 41. Rg5 Rb1 42. b4 axb4 43. cxb4 Rh1 44. Kb5 Rh4 45.
Rg7+ Kb8 46. Rd7 Rg4 47. Rh7 Rf4 48. Rh6 Ka7 49. Rh7+ Kb8 50. a5 bxa5 51. Kxa5
Rf5+ 52. b5 Rf6 1/2-1/2

[Event "2. Bundesliga Ost 2016/2017"]
[Site "alle Wien"]
[Date "2016.10.16"]
[Round "2"]
[Board "3"]
[White "Brod, Manfred"]
[Black "Theissl-Pokorna, Regina"]
[Result "1/2-1/2"]
[WhiteElo "2277"]
[BlackElo "2324"]
[PlyCount "167"]
[EventDate "2016.10.15"]
[EventType "team"]
[EventRounds "11"]
[EventCountry "AUT"]
[WhiteTeam "ASVOE Mattersburg"]
[BlackTeam "SK Austria"]

1. e4 e5 2. Nf3 Nc6 3. d4 exd4 4. Nxd4 Bb4+ 5. c3 Bc5 6. Nxc6 bxc6 7. Bd3 Qh4
8. Qe2 Nf6 9. Be3 Bxe3 10. Qxe3 Ng4 11. Qf4 d6 12. Nd2 O-O 13. O-O Qe7 14. Nf3
a5 15. Rfe1 Ne5 16. Nxe5 dxe5 17. Qe3 Be6 18. Bc2 c5 19. Ba4 Rab8 20. Qe2 Rfd8
21. Red1 Rd6 22. a3 g6 23. g3 h5 24. h4 Qf6 25. Kg2 Bg4 26. Rxd6 cxd6 27. Qc2
d5 28. exd5 Bf3+ 29. Kh2 Bxd5 30. Qe2 Bf3 31. Qc2 Rd8 32. Bb5 g5 33. Be2 Ba8
34. Bxh5 gxh4 35. Rg1 Kf8 36. Qe2 hxg3+ 37. Rxg3 Qh4+ 38. Rh3 Qf4+ 39. Kg1 Rd2
40. Qe3 Qxe3 41. Rxe3 f6 42. Bf3 Bxf3 43. Rxf3 Ke7 44. b4 cxb4 45. cxb4 axb4
46. axb4 Rb2 47. Ra3 Rxb4 48. Kg2 Ke6 49. Ra6+ Kf5 50. Rc6 Rb3 51. Ra6 Kg5 52.
Ra8 e4 53. Re8 f5 54. Rg8+ Kf4 55. Ra8 Rb2 56. Ra4 Rd2 57. Rb4 Ke5 58. Rb5+ Rd5
59. Rb8 f4 60. Re8+ Kd4 61. Rf8 Rg5+ 62. Kf1 f3 63. Ke1 Ra5 64. Rd8+ Rd5 65.
Re8 Kd3 66. Ra8 Rd4 67. Ra3+ Kc2 68. Ra2+ Kc1 69. Ra1+ Kb2 70. Ra8 Rc4 71. Kd2
Rc2+ 72. Ke1 Re2+ 73. Kf1 Kc3 74. Rc8+ Kd2 75. Rd8+ Kc2 76. Rc8+ Kd1 77. Rd8+
Kc1 78. Rc8+ Rc2 79. Ra8 Rd2 80. Rc8+ Kb1 81. Ke1 Re2+ 82. Kf1 Rc2 83. Rb8+ Rb2
84. Rc8 1/2-1/2

[Event "2. Bundesliga Ost 2016/2017"]
[Site "alle Wien"]
[Date "2016.10.16"]
[Round "2"]
[Board "4"]
[White "Druckenthaner, Andreas"]
[Black "Salamon, Werner"]
[Result "1/2-1/2"]
[WhiteElo "2267"]
[BlackElo "2157"]
[PlyCount "70"]
[EventDate "2016.10.15"]
[EventType "team"]
[EventRounds "11"]
[EventCountry "AUT"]
[WhiteTeam "SK Austria"]
[BlackTeam "ASVOE Mattersburg"]

1. e4 e5 2. Nf3 Nc6 3. Nc3 Nf6 4. a3 d6 5. d4 Be7 6. dxe5 Nxe5 7. Be2 O-O 8.
O-O Nfd7 9. Nd4 Nb6 10. a4 Nc6 11. Be3 Nxd4 12. Bxd4 Be6 13. a5 Nd7 14. f4 f5
15. exf5 Bxf5 16. Bf3 c6 17. a6 Qc7 18. Re1 Bf6 19. axb7 Qxb7 20. Bxf6 Nxf6 21.
Qxd6 Qxb2 22. Qc5 Rae8 23. Bxc6 Rxe1+ 24. Rxe1 Qxc2 25. Ba4 Qb2 26. Nd5 g6 27.
Ne7+ Kg7 28. Nxf5+ gxf5 29. Qxa7+ Rf7 30. Qc5 Ne4 31. Qe5+ Qxe5 32. fxe5 Re7
33. Bc2 Rxe5 34. g4 Kf6 35. gxf5 Nd6 1/2-1/2

[Event "2. Bundesliga Ost 2016/2017"]
[Site "alle Wien"]
[Date "2016.10.16"]
[Round "2"]
[Board "5"]
[White "Strodl, Joachim"]
[Black "Higatsberger, Michael"]
[Result "1-0"]
[WhiteElo "2138"]
[BlackElo "2159"]
[PlyCount "85"]
[EventDate "2016.10.15"]
[EventType "team"]
[EventRounds "11"]
[EventCountry "AUT"]
[WhiteTeam "ASVOE Mattersburg"]
[BlackTeam "SK Austria"]

1. Nf3 d5 2. g3 Bg4 3. Bg2 e6 4. O-O Nd7 5. d3 Ngf6 6. Nbd2 c6 7. Re1 Bd6 8. c3
O-O 9. e4 e5 10. Qc2 h6 11. h3 Be6 12. Nf1 dxe4 13. dxe4 Qc7 14. Be3 Rfd8 15.
g4 Nh7 16. Ng3 Bc5 17. Nh4 Nhf8 18. Nhf5 Ng6 19. Nh5 Bxf5 20. exf5 Nf4 21. Nxf4
exf4 22. Bxc5 Nxc5 23. Rad1 Rxd1 24. Rxd1 Rd8 25. b4 Rxd1+ 26. Qxd1 Nd7 27. Qd4
b6 28. Qe4 c5 29. Qe8+ Nf8 30. Bd5 Qd7 31. Qa8 Qe7 32. bxc5 bxc5 33. Kg2 Kh7
34. Qb7 Qxb7 35. Bxb7 g5 36. Kf3 Kg7 37. Ke4 Kf6 38. Bc6 h5 39. Kd5 hxg4 40.
hxg4 Nh7 41. Kd6 Nf8 42. f3 Nh7 43. a4 1-0

[Event "2. Bundesliga Ost 2016/2017"]
[Site "alle Wien"]
[Date "2016.10.16"]
[Round "2"]
[Board "6"]
[White "Iro, Christian"]
[Black "Savio, Alfred Jun."]
[Result "1-0"]
[WhiteElo "1947"]
[BlackElo "2024"]
[PlyCount "115"]
[EventDate "2016.10.15"]
[EventType "team"]
[EventRounds "11"]
[EventCountry "AUT"]
[WhiteTeam "SK Austria"]
[BlackTeam "ASVOE Mattersburg"]

1. e4 e5 2. Nf3 Nc6 3. Bb5 a6 4. Ba4 Nf6 5. O-O b5 6. Bb3 Be7 7. Re1 O-O 8. c3
d6 9. h3 Nb8 10. d4 Nbd7 11. Nbd2 c5 12. d5 c4 13. Bc2 Nc5 14. Nf1 Bd7 15. Ng3
Qc8 16. Be3 a5 17. Qe2 Rb8 18. Nd2 Na4 19. Rab1 b4 20. Nxc4 Bb5 21. Nf5 Qc7 22.
Nxe7+ Qxe7 23. Bxa4 Bxa4 24. Nb6 Qe8 25. f3 Nh5 26. cxb4 axb4 27. Qc4 Qb5 28.
Qxb5 Bxb5 29. a4 Be8 30. b3 f5 31. Nc4 fxe4 32. fxe4 Rd8 33. Bd2 Nf4 34. Bxb4
Rf6 35. Bd2 Nd3 36. Bg5 Nxe1 37. Rxe1 Rd7 38. Bxf6 gxf6 39. Kf2 Kf7 40. Ke3 Ke7
41. a5 Rb7 42. Nb6 Bd7 43. Ra1 f5 44. a6 f4+ 45. Kf2 Ra7 46. Nxd7 Kxd7 47. g3
fxg3+ 48. Kxg3 Kc7 49. Kg4 Kb8 50. Kf5 Rg7 51. a7+ Ka8 52. Ke6 Rg6+ 53. Kd7 Rg3
54. Kxd6 Rxb3 55. Kxe5 Rxh3 56. d6 Rh5+ 57. Ke6 Rh6+ 58. Ke7 1-0